01543cam a22003854i 4500003000900000005001700009008004100026020001500067035002700082040003300109082002100142100003500163245008600198264004700284300003800331336002100369337002500390338002300415490005400438504004000492505047900532526001001011526001001021526001001031526001001041526000801051526000801059526000801067526000801075526000801083526000801091526000801099630003401107650001601141PE-LiUPU20250731173553.0150616s r 000 0 d a0800628470 a(Sirsi) i9780800628475 aPE-LiUPUbspacPE-LiUPUerda04a233.11bA57F2211 aAnderson, Bernhard W.,eautor.10aFrom Creation to New Creation; Old Testament Perspectives /cBemhard W. Anderson. 1aMinneapolis, MN. :bFortress Press,c1994. a256 páginas ;c22 centímetros atext2rdacontent aunmediated2rdamedia avolume2rdacarrier0 aOvertures to biblical Theology. Biblical Studies aBibliografía al pie de páginas.0 aThe earth is the lord's.- Biblical perspectives on the doctrine of creation.- The priestly creation story: a stylistic study.- The flood story in context: from analysis to synthesis.- Mythopoeic and theological dimensions of biblical creation account in Genesis.- Human dominion over nature.- Relation between the human nonhuman creation in the biblical primaveral history.- Creation and the noatic covenant.- The tower of Babel: unity and diversity in God's creation.- Etc. aSEG42 aSEG41 aSEG40 aSEG39 aP94 aP87 aP86 aP85 aP77 aP76 aP35 aBiblia.pA.T.xCreacionbismo.04aCreación.